| 000 | 00836nam a2200265 a 4500 | ||
|---|---|---|---|
| 005 | 20250226095608.0 | ||
| 008 | 170906s19832015mx r 000 0 spa d | ||
| 020 | _a9786077470243 | ||
| 035 | _aUPN01000220269 | ||
| 040 |
_aMX-MxUPN _bspa _cMX-MxUPN |
||
| 049 | _aCG | ||
| 050 | 4 |
_aBF575 L8 _bF7.38b |
|
| 100 | 1 |
_aFromm, Erich, _d1900-1980 _928370 |
|
| 245 | 1 | 3 |
_aEl arte de amar : _buna investigación sobre la naturaleza del amor / |
| 260 |
_aMéxico : _bPaidós, _c1983 (2015 impr.). |
||
| 300 | _a207 páginas | ||
| 440 | 0 | _aNueva biblioteca Erich Fromm | |
| 505 | _aAmor (sentimiento) -- Psicología | ||
| 534 |
_pTítulo original: _tYou shall be as gods, de Erich Fromm |
||
| 600 | 1 | 4 |
_aFromm, Erich, _d1900-1980 _928370 |
| 650 | 4 |
_aAmor _94320 |
|
| 650 | 4 |
_aEmociones _939 |
|
| 905 | _aLibro | ||
| 942 |
_2lcc _cLIBRO _n0 |
||
| 999 |
_c192368 _d192368 |
||